00475 2200193 4500001002100000005001500021008004100036020001800077035001900095041000700114082000800121090001400129100002000143245003800163250001000201260002200211300003200233650001600265INLIS00000000000405920241224112835241224||||||||| | ||| |||| || |  a979-763-126-5 0010-1224004059 aen0 a420 a420 PEN t0 aPeni R. Pramono00a30 Menit Pandai Berbahasa Inggris aEd. 1 bAndi Offsetc2005 ax, 142 hlm. : ilus. ; 21 cm 0aIlmu Bahasa